1549 1728 1844 1494 1137 1722 1016 1727 1786 1630 1029 1635 1604 1549 1410 1351 1328 1545 1275 1068 1987 1747 1686 1460 1694 1427 1422 1013 1332 1734 1600 1701 1164 1099 1285 1854 1959 1275 1073 1116 1826 1490 1605 1274 1065 1679 1093 1593 1626 1698 1861 1182 1151 1464 1193 1993 1124 1267 1986 1667 1549 1716 1727 1901 1001 1263 1150 1682 1903 1527 1727 1114 1001 1581 1923 1037 1595 1115 1061 1674 1615 1926 1382 1067 1753 1381 1114 1330 1878 1102 1159 1272 1893 1075 1404 1017 1686 1786 1549 BCNSPRNW ULIB Ver.6.0+V

เปลี่ยนเป็นภาษาไทย

Change to English
 แสดงรายละเอียดบรรณานุกรม
  กลับหน้าหลัก

Brief Record : Get Marc (ISO 2709) : E-mail record : QR code < ปิดหน้าต่าง
LEADER : 00000nam 2200000uu 4500
001    13399110708
003     ULIB
008    110608s2552||||th 000 0 tha d
020    9786115080243
050  4 PN4129^bค336ก 2552
100 1  คาร์เนกี, เดล,^dค.ศ.1888-1955
245 10 การพูดในที่ชุมนุม =^bHow to develop self-confidence andinfluence people by public speaking /^cเดล คาร์เนกี ; แปลโดย อาษา ขอจิตต์เมตต์
246 31 How to develop self-confidence and influence people bypublic speaking
250    พิมพ์ครั้งที่ 1
260    กรุงเทพฯ :^bแสงดาว,^c2552
300    360 หน้า ;^c21 ซม.
650  7 วาทศิลป์
650  7 การพูดในชุมนุมชน
650  7 ปาฐกถา
700 0  อาษา ขอจิตต์เมตต์,^d2451-2519,^eผู้แปล
700 12 Carnegie, Dale,^d1888-1955.^tHow to develop self-confidence and influence people by public speaking
945    ^p250^l0^i18227
945    ^p250^l0^i18226
995    กัณชพร
999    ^aใช้งานได้ทุกระบบ
รายการนี้ยังไม่มีแท็ก
คุณยังไม่ได้ล็อกอิน คุณสามารถมีกิจกรรมร่วมกับเว็บไซต์ได้ แต่ต้องล็อกอินก่อน ::
  ล็อกอิน

รายการสื่อสารสนเทศ

ลำดับที่ ประเภท เลขเรียก/บาร์โค้ด สถานที่ สถานะ
- ไม่พบข้อมูล -

รายการใกล้เคียง
    หัวเรื่อง [วาทศิลป์]
    หัวเรื่อง [การพูดในชุมนุมชน]
    หัวเรื่อง [ปาฐกถา]

BibComment


ยังไม่เคยถูกคอมเมนท์

คอมเมนท์ทรัพยากรรายการนี้
  คอมเมนท์: การพูดในที่ชุมนุม..


 Copyright 2026. Bcnsprnw @Library